|
|
|
|
| LEADER |
00770 a2200169 4500 |
| 008 |
201210b ||||| |||| 00| 0 eng d |
| 020 |
|
|
|a 9788193945063
|
| 082 |
|
|
|a 305.800954133
|
| 100 |
|
|
|a Siba Prasad Mishra
|9 1579896
|
| 245 |
|
|
|a The marine fisherfolk of Odisha :
|b a study of their socio economic conditions and political participation /
|c Siba Prasad Mishra and Jaya Krishna Baral
|
| 260 |
|
|
|a New Delhi :
|b Aayu Publications,
|c 2019
|
| 300 |
|
|
|a xxii,297p. ;
|c 24cm.
|
| 650 |
|
7 |
|2 fast
|9 990738
|a Fishers
|x Economic conditions
|
| 650 |
|
7 |
|2 fast
|9 990757
|a Fishers
|x Social conditions
|
| 942 |
|
|
|2 ddc
|c BK
|
| 999 |
|
|
|c 348082
|d 348082
|
| 952 |
|
|
|0 0
|1 0
|2 ddc
|4 0
|6 305_800954133000000_SIB_M
|7 0
|9 401267
|a UL
|b UL
|c ST1
|d 2020-01-27
|g 2304.00
|l 0
|o 305.800954133 SIB/M
|p 102069
|r 2020-01-27
|v 3200.00
|y BK
|